| Tag |
First Indicator |
Second Indicator |
Subfields |
| LEADER |
00000cam a2200000 a 4500 |
| 001 |
in00002787110 |
| 005 |
20211120170336.0 |
| 006 |
m o d f |
| 007 |
cr bn||||||||| |
| 008 |
110120s1986 dcua ob f000 0 eng c |
| 035 |
|
|
|a (OCoLC)ocn697667602
|
| 040 |
|
|
|a CUS
|c CUS
|d GPO
|d MvI
|d UtOrBLW
|
| 042 |
|
|
|a pcc
|
| 049 |
|
|
|a WWW
|
| 074 |
|
|
|a 0443-B (online)
|
| 086 |
0 |
|
|a FR 1.62:281
|
| 100 |
1 |
|
|a Dominguez, Kathryn M.
|
| 245 |
1 |
0 |
|a Are foreign exchange forecasts rational? :
|b new evidence from survey data /
|c by Kathryn M. Dominguez.
|
| 264 |
|
1 |
|a [Washington, D.C.] :
|b [Board of Governors of the Federal Reserve System],
|c [1986]
|
| 300 |
|
|
|a 1 online resource (43 pages) :
|b illustrations
|
| 336 |
|
|
|a text
|b txt
|2 rdacontent
|
| 337 |
|
|
|a computer
|b c
|2 rdamedia
|
| 338 |
|
|
|a online resource
|b cr
|2 rdacarrier
|
| 490 |
1 |
|
|a International finance discussion papers ;
|v number 281
|
| 500 |
|
|
|a Title from title screen (viewed on Nov. 5, 2012).
|
| 500 |
|
|
|a "May 1986."
|
| 504 |
|
|
|a Includes bibliographical references (pages 38-41).
|
| 500 |
|
|
|a Electronic resource.
|
| 650 |
|
0 |
|a Foreign exchange
|x Forecasting.
|
| 650 |
|
0 |
|a Rational expectations (Economic theory)
|
| 710 |
2 |
|
|a Board of Governors of the Federal Reserve System (U.S.)
|
| 776 |
0 |
8 |
|i Print version:
|a Dominguez, Kathryn M.
|t Are foreign exchange forecasts rational?
|w (OCoLC)15094795
|
| 830 |
|
0 |
|a International finance discussion papers ;
|v 281.
|
| 856 |
4 |
0 |
|u https://purl.fdlp.gov/GPO/gpo30878
|t 0
|
| 999 |
|
|
|a MARS
|
| 999 |
f |
f |
|s c9140974-c893-3d8c-92d6-495248b142c4
|i baf3465b-c501-301b-a24d-915d81586b29
|t 0
|
| 952 |
f |
f |
|a Texas A&M University
|b College Station
|c Electronic Resources
|d Available Online
|t 0
|e FR 1.62:281
|h Superintendent of Documents classification
|
| 998 |
f |
f |
|a FR 1.62:281
|t 0
|l Available Online
|